Chicago Bulls Starting 5s Since 1974 - Statistics

General Stats
  • This quiz has been taken 26 times
  • The average score is 110 of 260
Answer Stats
Year Answer % Correct
Michael Jordan
100%
Scottie Pippen
100%
Dennis Rodman
96%
2008-09 | 2009-10 | 2010-11 | +2 others Derrick Rose
87%
Jalen Rose
87%
Zach LaVine
87%
Coby White
78%
DeMar DeRozan
78%
Joakim Noah
74%
2003-04 | 2004-05 | 2005-06 | +3 others Kirk Hinrich
70%
Patrick Williams
70%
1995-96 | 1996-97 Steve Kerr
70%
Toni Kukoc
70%
Luc Longley
65%
Artis Gilmore
61%
Bill Cartwright
61%
Horace Grant
61%
2017-18 Jerian Grant
61%
Jimmy Butler
61%
2024-25 Josh Giddey
61%
Nikola Vucevic
61%
Pau Gasol
61%
1997-98 Ron Harper
61%
Carlos Boozer
57%
Dwyane Wade
57%
Alex Caruso
52%
1992-93 | 1993-94 | 1994-95 BJ Armstrong
52%
Luol Deng
52%
Ben Gordon
48%
Bob Love
48%
Charles Oakley
48%
1986-87 | 1987-88 | 1988-89 | +3 others John Paxson
48%
Taj Gibson
48%
Jerry Sloan
43%
Robin Lopez
43%
Wendell Carter Jr.
43%
Elton Brand
39%
Lauri Markkanen
39%
Mickey Johnson
39%
Justin Holiday
35%
Ben Wallace
30%
Bill Wennington
30%
Jamal Crawford
30%
Metta World Peace
30%
Nikola Mirotic
30%
2016-17 Rajon Rondo
30%
1998-99 | 1999-00 Randy Brown
30%
Tyson Chandler
30%
2012-13 Nate Robinson
26%
Doug McDermott
22%
George Gervin
22%
Otto Porter Jr.
22%
Antonio Davis
17%
Chet Walker
17%
1973-74 | 1974-75 | 1975-76 | 1976-77 Norm Van Lier
17%
Thaddeus Young
17%
Will Perdue
17%
Mike Dunleavy
13%
Paul Zipser
13%
1978-79 | 1982-83 Reggie Theus
13%
Tomas Satoransky
13%
2014-15 Aaron Brooks
9%
Brent Barry
9%
Dickey Simpkins
9%
Orlando Woolridge
9%
Andres Nocioni
4%
Brad Miller
4%
Eddy Curry
4%
Hersey Hawkins
4%
1985-86 Kyle Macy
4%
Marco Belinelli
4%
Marcus Fizer
4%
Nate Thurmond
4%
Ronnie Brewer
4%
Scott May
4%
Tom Boerwinkle
4%
Tyrus Thomas
4%
Brad Sellers
0%
2000-01 Bryce Drew
0%
Chandler Hutchison
0%
Clifford Ray
0%
Coby Dietrick
0%
Corie Blount
0%
Dave Corzine
0%
Dave Greenwood
0%
Donyell Marshall
0%
Eddie Robinson
0%
1983-84 Ennis Whatley
0%
Gene Banks
0%
Javonte Green
0%
2001-02 Kevin Ollie
0%
Larry Kenon
0%
Leon Benbow
0%
Mark Bryant
0%
1977-78 Norman Van Lier
0%
Ollie Johnson
0%
Pete Myers
0%
PJ Brown
0%
Quintin Dailey
0%
1979-80 | 1980-81 Ricky Sobers
0%
Rod Higgins
0%
Ron Mercer
0%
1981-82 Ronnie Lester
0%
2018-19 Ryan Arcidiacono
0%
Sidney Green
0%
Trenton Hassell
0%
1984-85 Wes Matthews
0%
Wilbur Holland
0%
No matching quizzes found
Score Distribution
Percent of People with Each Score
Percentile by Number Answered
Your Score History
You have not taken this quiz